000 01410cam a2200325 a 4500
001 203789
003 OSt
005 20200810121834.0
008 990512s1999 maua b 001 0 eng
010 _a 99063501
020 _a9780072292893
040 _coclc
082 0 0 _a658.84
_bGRE/E
100 _aGreenstein, Marilyn
_91449
245 1 0 _aElectronic commerce :
_bsecurity, risk management, and control /
_cMarilyn Greenstein ; Todd M Feinman.
260 _aBoston :
_bIrwin/McGraw-Hill,
_cc2000.
300 _axvi, 400 p. :
_bill. ;
_c28 cm.
500 _a"First edition"--P. ix.
500 _aTeaching aids available to accompany text: PowerPoint slides, Solutions manual, course web site.
504 _aIncludes bibliographical references and index.
650 0 _aElectronic commerce.
650 0 _aRisk management.
700 1 _aFeinman, Todd M.
_91513
856 4 2 _3Publisher description
_uhttp://www.loc.gov/catdir/description/mh023/99063501.html
856 4 1 _3Table of contents
_uhttp://www.loc.gov/catdir/toc/mh023/99063501.html
856 4 2 _3Contributor biographical information
_uhttp://www.loc.gov/catdir/enhancements/fy0707/99063501-b.html
942 _2ddc
_cBK
_h658.84
_iGRE/E
_k658.84
_mGRE/E
999 _c5973
_d5973